| 000 | 00983 a2200301 4500 | ||
|---|---|---|---|
| 001 | 17040 | ||
| 003 | TR-AnTOB | ||
| 005 | 20241119115319.0 | ||
| 008 | 041102s1996 tu tur | ||
| 020 | _a9751607841 | ||
| 040 |
_aTR-AnTOB _beng _erda _cTR-AnTOB |
||
| 041 | _atur | ||
| 050 |
_aPL248.A435 _bC36 1996 |
||
| 090 | _aPL248.A435 C36 1996 | ||
| 100 |
_aÂli, Mustafa bin Ahmet, _d1541-1599 _98521 |
||
| 245 | 0 |
_aCami'ul-buhur der mecalis-i sur / _cGelibolu'lu Mustafa Ali ; edis. Ali Öztekin. |
|
| 264 | 1 |
_aAnkara : _bAtatürk Kültür, Dil ve Tarih Yüksek Kurumu Türk Tarih Kurumu, _c1996 |
|
| 300 |
_axiv, 292 p. ; _c24 cm. |
||
| 336 |
_atext _btxt _2rdacontent |
||
| 337 |
_aunmediated _bn _2rdamedia |
||
| 338 |
_avolume _bnc _2rdacarrier |
||
| 490 | 0 |
_aAtatürk Kültür, Dil ve Tarih Yüksek Kurumu Türk Tarih Kurumu Yayınları; III. _aSayı; 18 |
|
| 500 | _aIncludes index. | ||
| 650 | 7 |
_aTürk şiiri _2etuturkob _984273 |
|
| 902 | _a0005636 | ||
| 942 |
_cBK _2lcc |
||
| 999 |
_c17040 _d3753 |
||